| 000 | 02716nam a22006013 4500 | ||
|---|---|---|---|
| 001 | 22454 | ||
| 003 | SK-KTurca | ||
| 005 | 20260328124029.0 | ||
| 008 | 230928s2023 xo hoacg a 100 0 slo d | ||
| 020 |
_a9788097255459 _q(brožované) |
||
| 035 | _aa000732359 | ||
| 040 |
_aUKB _bslo _dUKB _erda |
||
| 041 | 0 |
_aslo _ahun _acze _bhun _bslo |
|
| 043 | _ae-xo--- | ||
| 044 |
_axo _cSK |
||
| 072 | 7 |
_a796 _xŠport. Hry. Telesné cvičenia _2konspekt |
|
| 080 |
_a796/799 _22011 |
||
| 080 |
_a796/799(091) _22011 |
||
| 080 |
_a796.071.2 _22011 |
||
| 080 |
_a(437.6) _22011 |
||
| 080 |
_a(063) _22011 |
||
| 080 |
_a(083.824) _22011 |
||
| 111 | 2 |
_aV zdravom tele zdravý duch _d(2023 : _cŠaľa, Slovensko) _4aut |
|
| 245 | 1 | 0 |
_aV zdravom tele zdravý duch _bdejiny športu v regióne : konferencia a katalóg k výstave _cautori textov katalógu: Júlia Benciová, Klaudia Bugyinszká, Alžbeta Horváthová, Barbora Oravcová, Judita Szekeresová Kovácsová, Attila Varjú ; preklady textov: Klaudia Bugyinszká, Alžbeta Horváthová, Judita Szekeresová Kovácsová, Attila Varjú |
| 246 | 3 | 1 |
_aÉp testben ép lélek _ba sport története a régióban : a konferencia és a kiállítás katalógusa |
| 250 | _aPrvé vydanie | ||
| 264 | 1 |
_aŠaľa _bMV SR Štátny archív v Trnave, pracovisko Archív Galanta _bSpoločnosť Petra Pázmánya _c2023 |
|
| 300 |
_a43 strán _bilustrácie, faksimile, portréty |
||
| 336 |
_atext _btxt _2rdacontent |
||
| 337 |
_abez média _bn _2rdamedia |
||
| 338 |
_azväzok _bnc _2rdacarrier |
||
| 500 | _aNázov z obálky | ||
| 546 | _aSúbežný text v maďarčine a čiastočne v češtine ; maďarské a slovenské resumé | ||
| 650 | 0 | 7 |
_ašport _zSlovensko _2UKBPH |
| 650 | 0 | 7 |
_ašport _xdejiny _2UKBPH |
| 650 | 0 | 7 |
_ašportovci _zSlovensko _2UKBPH |
| 651 | 7 |
_aDunajská Streda (Slovensko : okres) _2UKBPH |
|
| 651 | 7 |
_aŽitný ostrov (Slovensko : región) _2UKBPH |
|
| 651 | 7 |
_aGalanta (Slovensko : okres) _2UKBPH |
|
| 651 | 7 |
_aŠaľa (Slovensko : okres) _2UKBPH |
|
| 655 | 7 |
_azborníky konferencií _2UKBPH |
|
| 655 | 7 |
_akatalógy výstav _2UKBPH |
|
| 700 | 1 |
_aBenciová, Júlia _4aut |
|
| 700 | 1 |
_aBugyinszká, Klaudia _4aut _4trl |
|
| 700 | 1 |
_aHorváthová, Alžbeta _4aut _4trl |
|
| 700 | 1 |
_aOravcová, Barbora _4aut |
|
| 700 | 1 |
_aSzekeresová Kovácsová, Judita _4aut _4trl |
|
| 700 | 1 |
_aVarjú, Attila _4aut _4trl |
|
| 710 | 1 |
_aSlovensko. _bMinisterstvo vnútra. _bŠtátny archív v Trnave. _bPracovisko Archív Galanta so sídlom v Šali _4pbl |
|
| 710 | 2 |
_aSpoločnosť Petra Pázmánya (Šaľa, Slovensko) _4pbl |
|
| 942 |
_2ddc _cKLDO _n0 |
||
| 980 | _aSpoločnosť Petra Pázmánya - Pázmány Péter tudományos társaság, P. Pázmánya 1, 927 01 Šaľa | ||
| 999 |
_c22454 _d22454 |
||